[Event "Rhein Main op-A 21st"]
[Site "Bad Homburg"]
[Date "2018.06.02"]
[Round "6"]
[White "Einwiller, Dieter"]
[Black "Lesny, Florian"]
[Result "1/2-1/2"]
[WhiteElo "2106"]
[BlackElo "2051"]
[PlyCount "36"]
[EventDate "2018.05.30"]
[EventType "swiss"]
[EventRounds "7"]
[EventCountry "GER"]
[SourceTitle "EXT 2019"]
[Source "ChessBase"]
[SourceDate "2018.10.10"]
[SourceVersion "1"]
[SourceVersionDate "2018.10.10"]
[SourceQuality "1"]

1. c4 c5 2. Nc3 Nc6 3. g3 g6 4. Bg2 Bg7 5. e4 e6 6. Nge2 Nge7 7. d3 d6 8. 0-0 0-0 9. Rb1 Rb8 10. a3 b6 11. Be3 Nd4 12. b4 Bb7 13. Qd2 Nec6 14. Bh6 Nxe2+ 15. Nxe2 Bxh6 16. Qxh6 Qf6 17. Qe3 Nd4 18. Nxd4 Qxd4 1/2-1/2

[Event "Bad Woerishofen op 30th"]
[Site "Bad Woerishofen"]
[Date "2014.03.22"]
[Round "3"]
[White "Von Saldern, Ruediger"]
[Black "Einwiller, Dieter"]
[Result "0-1"]
[WhiteElo "1973"]
[BlackElo "2155"]
[PlyCount "74"]
[EventDate "2014.03.21"]
[EventType "swiss"]
[EventRounds "9"]
[EventCountry "GER"]
[SourceTitle "CBM 159 Extra"]
[Source "ChessBase"]
[SourceDate "2014.04.24"]
[SourceVersion "1"]
[SourceVersionDate "2014.04.24"]
[SourceQuality "1"]

1. d4 f5 2. g3 e6 3. Bg2 Nf6 4. Bg5 d5 5. e3 Be7 6. Bxf6 Bxf6 7. Ne2 0-0 8. 0-0 c5 9. c3 Qb6 10. Qb3 Qd6 11. Nd2 Nc6 12. dxc5 Qxc5 13. Rad1 Kh8 14. Rfe1 b5 15. a3 Rb8 16. Nd4 Bd7 17. Nxc6 Qxc6 18. Rc1 a5 19. Qd1 Rfd8 20. Nb3 Qb6 21. Nd4 e5 22. Nc2 Be6 23. Qe2 Bf7 24. Red1 g6 25. Rd2 Rd6 26. Rcd1 Rbd8 27. h4 h6 28. Kh2 g5 29. hxg5 hxg5 30. Bh3 g4 31. Bg2 Kg7 32. Kg1 Bg5 33. f4 gxf3 34. Qxf3 Be6 35. Kf1 Kg6 36. Rf2 e4 37. Qe2 d4 0-1

[Event "Reutlingen op 17th"]
[Site "Reutlingen"]
[Date "2012.05.26"]
[Round "3"]
[White "Einwiller, Dieter"]
[Black "Ninov, Nikolai"]
[Result "0-1"]
[WhiteElo "2169"]
[BlackElo "2471"]
[PlyCount "61"]
[EventDate "2012.05.25"]
[EventType "swiss"]
[EventRounds "7"]
[EventCountry "GER"]
[SourceTitle "EXT 2015"]
[Source "ChessBase"]
[SourceDate "2014.11.20"]
[SourceVersion "1"]
[SourceVersionDate "2014.11.20"]
[SourceQuality "1"]

1. c4 e5 2. g3 c6 3. Nf3 e4 4. Nd4 d5 5. cxd5 Qxd5 6. e3 Bc5 7. Nc3 Qe5 8. Nb3 Bb4 9. Qc2 Bf5 10. Bg2 Nf6 11. Nd4 Bg6 12. Nde2 Nbd7 13. a3 Bxc3 14. Qxc3 Qxc3 15. bxc3 Ne5 16. Nf4 Bf5 17. h4 0-0-0 18. a4 Rd7 19. Bh3 Bxh3 20. Nxh3 Rhd8 21. Ke2 Nfg4 22. Ra2 f5 23. Ng5 Nd3 24. f3 Ngf2 25. Rf1 exf3+ 26. Kxf3 Ne4 27. Nxe4 fxe4+ 28. Ke2 Rd6 29. Ba3 c5 30. Rf5 Rg6 31. Bxc5 0-1

[Event "Stuttgart-chA int"]
[Site "Ditzingen"]
[Date "2006.05.26"]
[Round "4"]
[White "Brendel, Oliver"]
[Black "Einwiller, Dieter"]
[Result "1-0"]
[WhiteElo "2364"]
[BlackElo "2173"]
[PlyCount "51"]
[EventDate "2006.05.25"]
[EventType "swiss"]
[EventRounds "7"]
[EventCountry "GER"]
[SourceTitle "EXT 2018"]
[Source "ChessBase"]
[SourceDate "2017.10.13"]
[SourceVersion "1"]
[SourceVersionDate "2017.10.13"]
[SourceQuality "1"]

1. e4 d5 2. exd5 Nf6 3. d4 Nxd5 4. c4 Nb6 5. Nc3 g6 6. h3 Bg7 7. Nf3 0-0 8. Be3 Nc6 9. Qd2 e5 10. d5 Ne7 11. g4 f5 12. Bh6 fxg4 13. Bxg7 Kxg7 14. Nxe5 g3 15. fxg3 Qd6 16. 0-0-0 Qxe5 17. Re1 Qf6 18. Ne4 Qf3 19. Bd3 Qh5 20. Qc3+ Kg8 21. Nf6+ Rxf6 22. Qxf6 Bf5 23. Rxe7 Qh6+ 24. Kc2 Nxc4 25. Bxf5 Ne3+ 26. Rxe3 1-0

[Event "Ditzingen op-A"]
[Site "Ditzingen"]
[Date "2006.05.25"]
[Round "2.2"]
[White "Einwiller, Dieter"]
[Black "Inkiov, Ventzislav"]
[Result "0-1"]
[WhiteElo "2173"]
[BlackElo "2517"]
[PlyCount "80"]
[EventDate "2006.05.25"]
[EventType "swiss"]
[EventRounds "7"]
[EventCountry "GER"]
[SourceTitle "CBM 112 Extra"]
[Source "ChessBase"]
[SourceDate "2006.07.14"]
[SourceVersion "1"]
[SourceVersionDate "2006.07.14"]
[SourceQuality "1"]

1. d4 Nf6 2. Bf4 c5 3. e3 Qb6 4. Nc3 cxd4 5. exd4 Nc6 6. Nb5 Nd5 7. Bd2 a6 8. c4 Nf6 9. c5 Qd8 10. Qa4 d5 11. Bf4 e5 12. Bxe5 axb5 13. Qxa8 Be7 14. Bxb5 0-0 15. Bxc6 bxc6 16. Ne2 Ne4 17. 0-0 Qd7 18. Qa5 f6 19. Bf4 g5 20. Be3 Bd8 21. Qa4 Re8 22. Ng3 f5 23. Nxe4 dxe4 24. d5 f4 25. dxc6 Qf7 26. Bd4 f3 27. Rfe1 Bc7 28. Bc3 Bxh2+ 29. Kxh2 Qh5+ 30. Kg1 fxg2 31. f4 Qh1+ 32. Kf2 Qh2 33. Rg1 Qxf4+ 34. Ke1 Qe3+ 35. Kd1 Qxg1+ 36. Kc2 Qf2+ 37. Kb3 Be6+ 38. Ka3 Qxc5+ 39. Bb4 g1Q 40. Bxc5 Qxc5+ 0-1

[Event "Bad Woerishofen op 22nd"]
[Site "Bad Woerishofen"]
[Date "2006.03.18"]
[Round "2"]
[White "Einwiller, Dieter"]
[Black "Rau, Hannes"]
[Result "0-1"]
[WhiteElo "2173"]
[BlackElo "2425"]
[PlyCount "66"]
[EventDate "2006.03.17"]
[EventType "swiss"]
[EventRounds "9"]
[EventCountry "GER"]
[SourceTitle "CBM 111 Extra"]
[Source "ChessBase"]
[SourceDate "2006.05.09"]
[SourceVersion "1"]
[SourceVersionDate "2006.05.09"]
[SourceQuality "1"]

1. e4 c5 2. c3 d5 3. exd5 Qxd5 4. d4 Nf6 5. Nf3 Bg4 6. Be2 e6 7. 0-0 Nc6 8. Na3 Be7 9. Nb5 Rc8 10. Bf4 cxd4 11. Nc7+ Rxc7 12. Bxc7 dxc3 13. bxc3 Qxd1 14. Bxd1 Nd5 15. Be5 Bxf3 16. Bxg7 Rg8 17. Bxf3 Rxg7 18. Bxd5 exd5 19. Rfd1 Rg5 20. Rab1 b6 21. Rd3 Kd7 22. Rbd1 Kd6 23. f4 Rf5 24. g4 Rxf4 25. Rxd5+ Ke6 26. h3 Bc5+ 27. Kh1 Ne5 28. Rd8 f6 29. Rh8 Rf2 30. Re1 Kf7 31. Rxe5 fxe5 32. Rxh7+ Kg6 33. Rxa7 e4 0-1

[Event "Bad Ems op"]
[Site "Bad Ems"]
[Date "2004.03.07"]
[Round "2"]
[White "Ernst, Thomas"]
[Black "Einwiller, Dieter"]
[Result "1-0"]
[WhiteElo "2447"]
[BlackElo "2161"]
[PlyCount "95"]
[EventDate "2004.03.06"]
[EventType "swiss"]
[EventRounds "9"]
[EventCountry "GER"]
[SourceTitle "CBM 099 Extra"]
[Source "ChessBase"]
[SourceDate "2004.05.04"]
[SourceVersion "1"]
[SourceVersionDate "2004.05.04"]
[SourceQuality "1"]

1. e4 d5 2. exd5 Nf6 3. d4 Nxd5 4. c4 Nb6 5. Nf3 g6 6. Nc3 Bg7 7. h3 0-0 8. Be3 Nc6 9. Qd2 e5 10. d5 Ne7 11. g4 f5 12. 0-0-0 fxg4 13. Ng5 g3 14. c5 g2 15. Bxg2 Nc4 16. Qe2 Nxe3 17. fxe3 Nf5 18. Nce4 Ng3 19. Nxg3 Qxg5 20. Ne4 Qh4 21. Qe1 Qxe1 22. Rhxe1 Bd7 23. Rd2 Bh6 24. c6 bxc6 25. Nc5 Rad8 26. dxc6 Bc8 27. Nd7 Bxd7 28. cxd7 Rf6 29. Kb1 Kf8 30. Bb7 Ke7 31. Bc8 Rf3 32. Rd5 Ke6 33. e4 Re3 34. Rxe3 Bxe3 35. Kc2 c6 36. Rd3 Bb6 37. Bb7 Bd4 38. Bxc6 Ke7 39. b4 Rf8 40. a4 Rf2+ 41. Kb3 g5 42. Kc4 Rc2+ 43. Kd5 a5 44. Rf3 axb4 45. Rf7+ Kxf7 46. d8Q h6 47. Be8+ Kg7 48. Qe7+ 1-0

[Event "Oberliga Wuerttemberg 0203"]
[Site "Wuerttemberg"]
[Date "2003.04.10"]
[Round "8"]
[White "Gerstenberger, Heinz"]
[Black "Einwiller, Dieter"]
[Result "0-1"]
[WhiteElo "2051"]
[BlackElo "2103"]
[PlyCount "106"]
[EventDate "2002.10.13"]
[EventType "team-tourn"]
[EventRounds "9"]
[EventCountry "GER"]
[SourceTitle "EXT 2019"]
[Source "ChessBase"]
[SourceDate "2018.10.10"]
[SourceVersion "1"]
[SourceVersionDate "2018.10.10"]
[SourceQuality "1"]
[WhiteTeam "Stuttgart SF II"]
[BlackTeam "Pfullingen"]
[WhiteTeamCountry "GER"]
[BlackTeamCountry "GER"]

1. c4 e5 2. g3 Nf6 3. Bg2 Nc6 4. Nc3 Bc5 5. a3 a5 6. e3 0-0 7. Nge2 Re8 8. 0-0 d6 9. d3 Ba7 10. h3 Ne7 11. d4 c6 12. e4 exd4 13. Nxd4 Ng6 14. b3 Bd7 15. Bg5 h6 16. Be3 Rb8 17. Nf5 Bxe3 18. Nxe3 Qc7 19. Rc1 Rbd8 20. Qd3 Ne5 21. Qd1 Bc8 22. Kh2 Qb6 23. Na4 Qa7 24. Rc2 Ng6 25. Nc3 Qc5 26. Qc1 Ne5 27. Na4 Qa7 28. Rd2 Ng6 29. Qc2 b5 30. cxb5 cxb5 31. Nc3 Ba6 32. b4 a4 33. Rfd1 Qb8 34. Nf5 Re6 35. Nd4 Ne5 36. Nxe6 fxe6 37. Ne2 Nc4 38. Rd3 Bb7 39. Rc3 e5 40. Rxc4 bxc4 41. Qxc4+ Kh8 42. Nc3 Rc8 43. Qd3 Qa8 44. Nd5 Bxd5 45. exd5 Qa7 46. Qf5 Rc4 47. Bf1 Rc3 48. Bb5 e4 49. Re1 Rf3 50. Qc8+ Kh7 51. Re2 Rxf2+ 52. Rxf2 Qxf2+ 53. Kh1 Nh5 0-1

[Event "Bad Woerishofen op 19th"]
[Site "Bad Woerishofen"]
[Date "2003.03.20"]
[Round "8"]
[White "Einwiller, Dieter"]
[Black "Pimmingstorfer, Christian"]
[Result "1-0"]
[WhiteElo "2153"]
[BlackElo "2050"]
[PlyCount "95"]
[EventDate "2003.03.13"]
[EventType "swiss"]
[EventRounds "9"]
[EventCountry "GER"]
[SourceTitle "CBM 093 Extra"]
[Source "ChessBase"]
[SourceDate "2003.05.09"]
[SourceVersion "1"]
[SourceVersionDate "2003.05.09"]
[SourceQuality "1"]

1. d4 d5 2. Nf3 Nf6 3. Bf4 g6 4. e3 Bg7 5. Be2 0-0 6. Ne5 c6 7. c4 Nbd7 8. Nc3 dxc4 9. Nxc4 Nd5 10. Bg3 N5b6 11. 0-0 Nxc4 12. Bxc4 e5 13. d5 Nb6 14. Bb3 cxd5 15. Nxd5 h5 16. h3 Be6 17. e4 Rc8 18. Rc1 Rc6 19. Rxc6 bxc6 20. Nb4 Qc8 21. Qc2 Bxb3 22. Qxb3 Rd8 23. Rc1 c5 24. Nd5 Nxd5 25. exd5 Qc7 26. Qc4 Qd6 27. Qxc5 Qxd5 28. Qxa7 Ra8 29. Qe7 Rxa2 30. Rc7 Rxb2 31. Qe8+ Kh7 32. Rxf7 Rb7 33. Rxb7 Qxb7 34. Bxe5 Qe4 35. f4 Qe1+ 36. Kh2 h4 37. Qb5 Qg3+ 38. Kg1 Qe1+ 39. Qf1 Qg3 40. Qf2 Bxe5 41. Qxg3 hxg3 42. fxe5 Kg7 43. Kf1 Kf7 44. Ke2 Ke6 45. Kf3 Kxe5 46. Kxg3 Kf5 47. Kh4 Kf6 48. Kg4 1-0

[Event "Bad Woerishofen op 19th"]
[Site "Bad Woerishofen"]
[Date "2003.03.19"]
[Round "7"]
[White "Akstinat, Sven Holger"]
[Black "Einwiller, Dieter"]
[Result "1-0"]
[WhiteElo "1987"]
[BlackElo "2153"]
[PlyCount "95"]
[EventDate "2003.03.13"]
[EventType "swiss"]
[EventRounds "9"]
[EventCountry "GER"]
[SourceTitle "CBM 093 Extra"]
[Source "ChessBase"]
[SourceDate "2003.05.09"]
[SourceVersion "1"]
[SourceVersionDate "2003.05.09"]
[SourceQuality "1"]

1. e4 d5 2. exd5 Qxd5 3. Nf3 Bg4 4. Be2 Nf6 5. 0-0 e6 6. c4 Qd8 7. d4 c6 8. Nc3 Be7 9. h3 Bh5 10. Bf4 Bd6 11. Ne5 Bxe2 12. Qxe2 0-0 13. Rfd1 Qe7 14. Rd3 Ne8 15. Rg3 Nd7 16. Ne4 f6 17. Nxd6 Nxd6 18. Nxd7 Qxd7 19. Bxd6 Qxd6 20. Qg4 Rf7 21. Re1 Re8 22. Rge3 f5 23. Qd1 Rd7 24. Qe2 Rde7 25. Rd1 h6 26. Re5 g6 27. Rd3 Kg7 28. h4 a6 29. a3 b5 30. c5 Qd7 31. g4 Rf7 32. h5 g5 33. d5 cxd5 34. Rdxd5 Qc8 35. Rd6 fxg4 36. b4 Ref8 37. Rexe6 Kg8 38. Qe5 Rg7 39. Rg6 Rff7 40. Qd5 Qf5 41. Qxf5 Rxf5 42. Rxg7+ Kxg7 43. Rg6+ Kh7 44. Rxa6 Rf3 45. Ra7+ Kg8 46. c6 Rc3 47. c7 Kf8 48. Ra8+ 1-0

[Event "Bad Woerishofen op 19th"]
[Site "Bad Woerishofen"]
[Date "2003.03.14"]
[Round "2"]
[White "Einwiller, Dieter"]
[Black "Prie, Eric"]
[Result "0-1"]
[WhiteElo "2153"]
[BlackElo "2446"]
[PlyCount "86"]
[EventDate "2003.03.13"]
[EventType "swiss"]
[EventRounds "9"]
[EventCountry "GER"]
[SourceTitle "CBM 093 Extra"]
[Source "ChessBase"]
[SourceDate "2003.05.09"]
[SourceVersion "1"]
[SourceVersionDate "2003.05.09"]
[SourceQuality "1"]

1. d4 d5 2. Nf3 Nf6 3. Bf4 c5 4. c3 Qb6 5. Qb3 c4 6. Qxb6 axb6 7. Nbd2 b5 8. h3 h5 9. a3 Bf5 10. Rc1 Nbd7 11. Ng5 e6 12. Bc7 Be7 13. f3 h4 14. e4 Bg6 15. Bh2 Rh5 16. f4 Nxe4 17. Ngxe4 Bxe4 18. Nxe4 dxe4 19. Be2 Rd5 20. 0-0 Nb6 21. Bd1 Kd7 22. Rc2 f5 23. g4 hxg3 24. Bxg3 Rh8 25. Rh2 Rh6 26. h4 g6 27. h5 Kc6 28. hxg6 Rxg6 29. Kf2 Rd8 30. Rh7 Rdg8 31. Rxe7 Nd5 32. Bh4 Rh8 33. Bg5 Nxe7 34. Bxe7 Rh2+ 35. Ke1 Rg3 36. Rf2 Rg1+ 37. Rf1 Rg3 38. Rf2 Rg1+ 39. Rf1 Rgg2 40. b3 Rb2 41. bxc4 bxc4 42. a4 Rb1 43. Bf6 e3 0-1

[Event "Oberliga Wuerttemberg 0203"]
[Site "Wuerttemberg"]
[Date "2002.11.10"]
[Round "2"]
[White "Einwiller, Dieter"]
[Black "Glueck, Gunther"]
[Result "1/2-1/2"]
[WhiteElo "2103"]
[BlackElo "2150"]
[PlyCount "147"]
[EventDate "2002.10.13"]
[EventType "team-tourn"]
[EventRounds "9"]
[EventCountry "GER"]
[SourceTitle "EXT 2019"]
[Source "ChessBase"]
[SourceDate "2018.10.10"]
[SourceVersion "1"]
[SourceVersionDate "2018.10.10"]
[SourceQuality "1"]
[WhiteTeam "Pfullingen"]
[BlackTeam "Boeblingen"]
[WhiteTeamCountry "GER"]
[BlackTeamCountry "GER"]

1. c4 e5 2. Nc3 Nc6 3. g3 g6 4. Bg2 Bg7 5. e4 d6 6. Nge2 Nge7 7. d3 0-0 8. 0-0 f5 9. f4 Nd4 10. Nxd4 exd4 11. Nd5 c6 12. Nxe7+ Qxe7 13. Re1 fxe4 14. Bxe4 Qf7 15. Bd2 Be6 16. Bb4 Qd7 17. h4 Rfe8 18. Qd2 d5 19. cxd5 Bxd5 20. b3 b6 21. Rad1 Rad8 22. Kh2 c5 23. Ba3 a5 24. Re2 Bxe4 25. Rxe4 Rxe4 26. dxe4 Qb5 27. e5 Re8 28. Qc2 Qd7 29. Qc4+ Kh8 30. Re1 Qc6 31. Qd3 Kg8 32. Rc1 Qd5 33. Qb5 Qe6 34. Kg2 Rf8 35. Qc4 Kf7 36. Kf3 Rd8 37. Ke4 Ke7 38. Qxe6+ Kxe6 39. h5 d3 40. Bb2 b5 41. hxg6 hxg6 42. Bc3 b4 43. Bb2 d2 44. Rd1 Bh6 45. g4 a4 46. Ke3 a3 47. Ba1 Rd5 48. g5 Bf8 49. Rxd2 Rxd2 50. Kxd2 Kd5 51. Kd3 Ke6 52. Kc4 Be7 53. Kb5 Kf5 54. e6 Kxe6 55. Kc6 Bd6 56. Bf6 c4 57. bxc4 Bxf4 58. c5 b3 59. axb3 Be5 60. Kb7 a2 61. Bxe5 Kxe5 62. c6 a1Q 63. c7 Qc3 64. c8Q Qxb3+ 65. Ka8 Qa4+ 66. Kb8 Qb5+ 67. Ka8 Qd5+ 68. Kb8 Qb5+ 69. Ka8 Qa4+ 70. Kb8 Qb3+ 71. Ka8 Qa3+ 72. Kb8 Kf4 73. Qc7+ Kxg5 74. Qe5+ 1/2-1/2

[Event "Bad Woerishofen op 18th"]
[Site "Bad Woerishofen"]
[Date "2002.??.??"]
[Round "7"]
[White "Semmler, Guenter"]
[Black "Einwiller, Dieter"]
[Result "1/2-1/2"]
[WhiteElo "2090"]
[BlackElo "2154"]
[PlyCount "135"]
[EventDate "2002.03.??"]
[EventType "swiss"]
[EventRounds "9"]
[EventCountry "GER"]
[SourceTitle "EXT 2003"]
[Source "ChessBase"]
[SourceDate "2002.11.25"]
[SourceVersion "1"]
[SourceVersionDate "2002.11.25"]
[SourceQuality "1"]

1. Nf3 Nf6 2. d4 e6 3. g3 b5 4. Bg2 Bb7 5. 0-0 c5 6. a4 a6 7. Bg5 h6 8. Bxf6 Qxf6 9. c3 Be7 10. Nbd2 0-0 11. Re1 cxd4 12. cxd4 Bb4 13. e4 Nc6 14. e5 Qe7 15. Re2 f5 16. Nb3 f4 17. g4 Na5 18. axb5 axb5 19. Rc1 Bd5 20. Nc5 Bc4 21. Re4 Bd5 22. Re2 Nc6 23. Ne4 Bc4 24. Rxc4 bxc4 25. d5 exd5 26. Qxd5+ Qe6 27. Qxe6+ dxe6 28. h4 Ra1+ 29. Kh2 Ra5 30. g5 Nxe5 31. Nxe5 Rxe5 32. f3 hxg5 33. hxg5 Kf7 34. Bf1 Rh8+ 35. Kg2 Rc8 36. Rc2 c3 37. bxc3 Kg6 38. Bd3 Rd8 39. Nc5+ Rxd3 40. Nxd3 Rxg5+ 41. Kf2 Ba5 42. Nxf4+ Kf5 43. Ne2 Bb6+ 44. Kf1 e5 45. Rb2 Be3 46. Rb8 Rg6 47. Rf8+ Ke6 48. Re8+ Kd5 49. c4+ Kd6 50. Ra8 Kc6 51. Ra5 Rg5 52. Rd5 Rh5 53. Kg2 Bc5 54. f4 Bd6 55. Nd4+ exd4 56. Rxh5 Bxf4 57. Rd5 Be3 58. Kf3 g5 59. Kg4 Kb6 60. Kf5 Kc6 61. Ke4 g4 62. Rd8 g3 63. Rg8 Bf2 64. Rg5 Kd6 65. Kd3 Kc6 66. Ke4 Kd6 67. Kd3 Kc6 68. Ke4 1/2-1/2

[Event "Oberliga Wuerttemberg 9899"]
[Site "Wuerttemberg"]
[Date "1999.04.18"]
[Round "9"]
[White "Boehm, Martin"]
[Black "Einwiller, Dieter"]
[Result "1-0"]
[WhiteElo "2270"]
[BlackElo "2180"]
[PlyCount "65"]
[EventDate "1998.10.??"]
[EventType "team"]
[EventRounds "9"]
[EventCountry "GER"]
[SourceTitle "EXT 2000"]
[Source "ChessBase"]
[SourceDate "1999.11.16"]
[SourceVersion "1"]
[SourceVersionDate "1999.11.16"]
[SourceQuality "1"]

1. c4 e5 2. Nc3 Bb4 3. Nf3 Bxc3 4. bxc3 d6 5. g3 Nf6 6. Bg2 0-0 7. Rb1 c5 8. 0-0 Nc6 9. d3 Qe7 10. Ne1 e4 11. Nc2 d5 12. Ne3 dxc4 13. dxc4 Rd8 14. Nd5 Qe6 15. Qa4 Nxd5 16. cxd5 Rxd5 17. Bxe4 Re5 18. Bf3 g5 19. Bg2 h6 20. e4 c4 21. f4 Rxe4 22. fxg5 Re2 23. Qd1 Qe5 24. Bf3 Qc5+ 25. Kh1 Rxa2 26. Qd5 Qe7 27. gxh6 Ne5 28. Be4 Re2 29. Rb5 Bh3 30. Rxb7 Qf6 31. Rxf7 Rd8 32. Rf8+ Kxf8 33. Qxd8+ 1-0

[Event "Oberliga Wuerttemberg 9899"]
[Site "Wuerttemberg"]
[Date "1999.03.21"]
[Round "8"]
[White "Dewenter, Ulf"]
[Black "Einwiller, Dieter"]
[Result "0-1"]
[WhiteElo "2250"]
[BlackElo "2180"]
[PlyCount "152"]
[EventDate "1998.10.??"]
[EventType "team"]
[EventRounds "9"]
[EventCountry "GER"]
[SourceTitle "EXT 2000"]
[Source "ChessBase"]
[SourceDate "1999.11.16"]
[SourceVersion "1"]
[SourceVersionDate "1999.11.16"]
[SourceQuality "1"]

1. e4 d5 2. exd5 Nf6 3. d4 Bg4 4. Be2 Bxe2 5. Nxe2 Qxd5 6. 0-0 e6 7. Bf4 Bd6 8. Nbc3 Qa5 9. Qd3 0-0 10. Bxd6 cxd6 11. f4 Nc6 12. a3 Ne7 13. Rae1 Qf5 14. Qd2 Rac8 15. Ng3 Qa5 16. Qd3 Qb6 17. Nd1 Rfe8 18. c4 Nc6 19. Ne2 Na5 20. Ne3 Qa6 21. Rc1 d5 22. b3 Rc7 23. f5 dxc4 24. bxc4 Nd5 25. Nxd5 exd5 26. Qg3 Rxc4 27. f6 g6 28. Rce1 Rcc8 29. Qf4 Qd3 30. Ng3 Rxe1 31. Rxe1 Nc6 32. Ne2 Re8 33. Kf2 Qf5 34. Qxf5 gxf5 35. Nf4 Rxe1 36. Kxe1 Nxd4 37. Nxd5 Nc2+ 38. Kd2 Nxa3 39. Ne7+ Kf8 40. Nxf5 Nc4+ 41. Kc3 Ne5 42. Ne3 h5 43. h3 Nd7 44. Nd5 Kg8 45. Ne7+ Kh7 46. Nc8 Nxf6 47. Nxa7 Nd5+ 48. Kd4 Nf4 49. Nb5 Kg6 50. Nd6 b6 51. Nc4 b5 52. Ne3 Ne6+ 53. Ke4 Kg5 54. g3 b4 55. Kd3 Nc5+ 56. Kc4 b3 57. h4+ Kg6 58. Nd1 Ne4 59. Kxb3 Nxg3 60. Ne3 f5 61. Nd5 Kf7 62. Nf4 Kf6 63. Nd3 Ne2 64. Kc2 Nd4+ 65. Kc3 Ne6 66. Kd2 f4 67. Nf2 Kf5 68. Kd3 Nf8 69. Ke2 Ng6 70. Kf1 Nxh4 71. Kg1 f3 72. Kh2 Kf4 73. Nh1 Ke3 74. Ng3 f2 75. Nf1+ Ke2 76. Ng3+ Ke1 0-1

[Event "Oberliga Wuerttemberg 9899"]
[Site "Wuerttemberg"]
[Date "1999.02.07"]
[Round "6"]
[White "Gerstenberger, Heinz"]
[Black "Einwiller, Dieter"]
[Result "1-0"]
[WhiteElo "2190"]
[BlackElo "2180"]
[PlyCount "108"]
[EventDate "1998.10.??"]
[EventType "team"]
[EventRounds "9"]
[EventCountry "GER"]
[SourceTitle "EXT 2000"]
[Source "ChessBase"]
[SourceDate "1999.11.16"]
[SourceVersion "1"]
[SourceVersionDate "1999.11.16"]
[SourceQuality "1"]

1. e4 c6 2. d4 d5 3. f3 e6 4. Nc3 Bb4 5. Bd2 dxe4 6. Nxe4 Be7 7. Bd3 Qxd4 8. Bc3 Bb4 9. Qd2 Bxc3 10. Nxc3 Nf6 11. 0-0-0 Qb6 12. Nh3 Nbd7 13. Ng5 Nc5 14. Qf4 h6 15. h4 Bd7 16. Nge4 Ncxe4 17. Nxe4 Nxe4 18. Bxe4 Rd8 19. g4 Qa5 20. Kb1 e5 21. Qe3 0-0 22. g5 Be6 23. a3 h5 24. g6 f6 25. Rd3 Bc4 26. Rc3 Be6 27. Rd3 Rxd3 28. Bxd3 Rd8 29. Qe2 Rd4 30. c3 Rf4 31. Rd1 Kf8 32. Be4 Bb3 33. Qd3 Qc7 34. Rh1 b5 35. Qe3 c5 36. Qd3 a6 37. a4 Ke7 38. axb5 Qa5 39. Kc1 Qa1+ 40. Qb1 Qxb1+ 41. Kxb1 axb5 42. Kc1 Kd6 43. Rh2 f5 44. Bb7 Kc7 45. Ba6 Kb6 46. Bc8 Rxf3 47. Kd2 Kc7 48. Ba6 Bc4 49. b3 Bf1 50. Rh1 e4 51. c4 b4 52. Bb5 e3+ 53. Ke1 e2 54. Ba4 Rc3 1-0

[Event "Bad Woerishofen op 15th"]
[Site "Bad Woerishofen"]
[Date "1999.??.??"]
[Round "8"]
[White "Einwiller, Dieter"]
[Black "Luett, Michael"]
[Result "1-0"]
[WhiteElo "2180"]
[BlackElo "2106"]
[PlyCount "61"]
[EventDate "1999.03.05"]
[EventType "swiss"]
[EventRounds "9"]
[EventCountry "GER"]
[SourceTitle "EXT 2002"]
[Source "ChessBase"]
[SourceDate "2001.11.25"]
[SourceVersion "1"]
[SourceVersionDate "2001.11.25"]
[SourceQuality "1"]

1. c4 e5 2. Nc3 Bb4 3. e4 Bxc3 4. bxc3 d6 5. d3 Ne7 6. g3 0-0 7. Bg2 c5 8. Ne2 Nbc6 9. 0-0 Rb8 10. a4 Bd7 11. Be3 b6 12. f4 f5 13. h3 Qe8 14. Kh2 Kh8 15. Bf2 g6 16. Bf3 Rd8 17. Ra2 Na5 18. Be3 Ng8 19. g4 fxe4 20. Bxe4 Nf6 21. Bg2 Bxg4 22. Bc1 Bf5 23. Ng3 Nd7 24. Re2 Qf7 25. fxe5 Nxe5 26. Nxf5 gxf5 27. Bh6 Rg8 28. Bd5 Qg6 29. Bf4 Rge8 30. Rg2 Qf6 31. Bg5 1-0